MARC

LEADER 00000nam0a2200000 4500
001 316876
005 20231102002923.0
020 |a RU  |b 82-64316 
035 |a (RuTPU)RU\TPU\book\342344 
090 |a 316876 
100 |a 20160331d1982 km y0rusy5003 ca 
101 0 |a rus 
102 |a RU 
105 |a a z 001zy 
200 1 |a Защита РЭА и прецизионного оборудования от динамических воздействий  |f В. С. Ильинский 
210 |a Москва  |c Радио и связь  |d 1982 
215 |a 295 с.  |c ил.  |d 22 см. 
320 |a Библиогр.: с. 292-293 
606 1 |a Радиоэлектронная аппаратура  |x Защита  |2 stltpush  |3 (RuTPU)RU\TPU\subj\23375  |9 47985 
610 1 |a амортизация 
610 1 |a статический расчет 
610 1 |a динамический расчет 
610 1 |a звукоизоляция 
610 1 |a вибрация 
610 1 |a изоляция 
610 1 |a удары 
610 1 |a переходные процессы 
610 1 |a промышленные амортизаторы 
610 1 |a случайные колебания 
610 1 |a нелинейные системы 
675 |a 621.396.6-7  |z rus  |v 4 
700 1 |a Ильинский  |b В. С.  |g Всеволод Сергеевич  |4 070 
801 0 |a RU  |b RuMRKP  |c 19950704  |g psbo 
801 1 |a RU  |b 63413507  |c 20160331 
801 2 |a RU  |b 63413507  |c 20200720  |g RCR 
942 |c BK